Prayer weapons. (Record no. 6373)

000 -LEADER
fixed length control field 00493nam a2200169 a 4500
001 - CONTROL NUMBER
control field :::00004123$&:&@@
003 - CONTROL NUMBER IDENTIFIER
control field OkBaRHE
005 - DATE AND TIME OF LATEST TRANSACTION
control field 20001026190304.0
008 - FIXED-LENGTH DATA ELEMENTS--GENERAL INFORMATION
fixed length control field s1971 j 000 0 eng u
040 ## - CATALOGING SOURCE
Transcribing agency
100 1# - MAIN ENTRY--PERSONAL NAME
Personal name Harrah, Allegra
245 10 - TITLE STATEMENT
Title Prayer weapons.
260 ## - PUBLICATION, DISTRIBUTION, ETC. (IMPRINT)
Place of publication, distribution, etc Old Tappan, New Jersey
Name of publisher, distributor, etc Fleming H. Revell company
Date of publication, distribution, etc 1971
300 ## - PHYSICAL DESCRIPTION
Extent 128 p.
942 ## - ADDED ENTRY ELEMENTS (KOHA)
Source of classification or shelving scheme
Koha item type Books
Copies
Price effective from Barcode Full call number Shelving location Not for loan Date acquired Permanent Location Date last seen Withdrawn status Koha item type Damaged status Lost status Source of classification or shelving scheme Copy number
2010-04-144123BV 210.2 .H365General Stacks 2010-04-14RHEMA Bible Training College2010-04-14 Books   1